Normal view
MARC view
- Hindu Kush-Himalayan Region
Entry Geographic Name
001 - CONTROL NUMBER
- control field: 5429
003 - CONTROL NUMBER IDENTIFIER
- control field: NUST
005 - DATE AND TIME OF LATEST TRANSACTION
- control field: 20171013102459.0
008 - FIXED-LENGTH DATA ELEMENTS
- fixed length control field: 171013|| aca||aabn | a|a d
040 ## - CATALOGING SOURCE
- Original cataloging agency: NUST
- Transcribing agency: NUST
151 ## - HEADING--GEOGRAPHIC NAME
- Geographic name: Hindu Kush-Himalayan Region
- General subdivision: History.
670 ## - SOURCE DATA FOUND
- Source citation: Work cat.: (NUST)0: Hannigan, Tim. 5426, Murder in the Hindu Kush :, 2011.
